000 01243nam a2200349 i 4500
003 EG-GICUC
005 20260121101442.0
008 251208s2005 ua ||||fr|||| 00| 0 ara d
017 _a2005/2462
020 _aI.S.B.N.977-09-1196-8
040 _a EG-GICUC
_bara
_c EG-GICUC
_d EG-GICUC
_erda
041 0 _aara
082 0 4 _221
_a343.5
_bم ح ,و
092 0 4 _221
099 _aLaw1 10 343.5 م ح ,و 2 1ed 2005
100 0 _aمحمود شريف بسيوني
_eمؤلف.
245 1 0 _a /وثائق المحكمة الجنائية الدولية
_c .محمود شريف بسيوني
250 _aالطبعة الأولي
264 _aالقاهرة :
_bدار الشروق,
_c2005.
300 _a264؛ صفحة
_bإيضاحيات، صور، مثيليات ؛
_c24 سم
336 _2rda content
_atext
337 _2rda media
_aComputer
338 _2rda carrier
_aOnline Resource
504 _a. 240-220 ببليوجرافيا: صفحات.
546 _aالنص باللغة العربية
650 1 4 _aالجرائم الدولية
_2qrmak
650 1 4 _aالقانون الجنائي
651 1 _2qrmak
856 4 0 _uhttps://fll.law.cu.edu.eg/fulltext/bks/B10-06682.pdf
905 _a70
942 _2ddc
_cBK
_e21
_n0
999 _c49141
_d49141